000 00258nam a2200109Ia 4500
008 220216s9999 xx 000 0 und d
100 _aThomas K K
245 0 _aDavid Bolandine ariyuka
260 _bRubber
_c2014
300 _a16-18 (Malayalam),
942 _cBS
999 _c51236
_d51236